Countries Containing "TO" - Statistics

General Stats
  • This quiz has been taken 203 times
    194 since last reset
  • The average score is 3 of 6
Answer Stats
Answer % Correct
Togo
94%
Tonga
77%
Trinidad and Tobago
56%
Estonia
38%
Sao Tome and Principe
20%
Equatorial Guinea
6%
No matching quizzes found
Score Distribution
Percent of People with Each Score
Percentile by Number Answered
Your Score History
You have not taken this quiz since the last reset